000 00456nam a2200145 a 4500
001 000033780
005 20200930070519.0
008 110909s1914 ag 000 0 spa d
040 _aDO-SdBNP
_bspa
_cBNPHU
100 1 _aL. Castiglione, José F.
_959206
245 1 3 _aEl periodismo en Santiago del Estero /
_cJosé F. L. Castiglione.
260 _aSantiago del Estero:
_aEditorial Yussem,
_c1914.
300 _a60 p. :
_bil., retrs. ;
_c22 cm.
049 _aBNPD
999 _c33271
_d33271